Countries from 'C' by Cuisine - Statistics

General Stats
  • This quiz has been taken 18 times
  • The average score is 11 of 15
Answer Stats
Picture Answer % Correct
Canada
100%
China
88%
Cuba
88%
Colombia
81%
Czech Republic
81%
Cambodia
75%
Chile
75%
Comoros
75%
Costa Rica
75%
Cameroon
63%
Cape Verde
63%
Croatia
63%
Central African Republic
56%
Cyprus
56%
Chad
50%
No matching quizzes found
Score Distribution
Percent of People with Each Score
Percentile by Number Answered
Your Score History
You have not taken this quiz